000 01202namaa22003131i 4500
005 20260430131123.0
008 260430s1995 ua a|||frm||| 000 0 eng d
040 _aEG-GICUC
_beng
_cEG-GICUC
_dEG-GICUC
_erda
041 0 _aeng
_beng
_bara
049 _aDeposite
097 _aM.Sc
099 _aCai01.11.25.M.Sc.1995Ay.P.
100 0 _aAyman Abdel Gabar EL-Emam,
_epreparation.
245 1 0 _aProlapsed Cervical Disc /
_cBy Ayman Abdel Gabar EL-Emam; Under Supervision Of Prof.Dr. Ahmed Wa-il Farag, Dr. Hassan EL-Gamal.
246 1 5 _aالانزلاق الغضروفي العنقي /
264 0 _c1995.
300 _a156 pages :
_billustrations ;
_c30 cm. +
336 _2rda content
_atext
337 _2rdamedia
_aUnmediated
338 _2rdacarrier
_avolume
502 _aThesis (M.Sc.)-Cairo University, 1995.
504 _aBibliography: pages 139-156.
653 0 _aOrthopaedic Surgery
700 0 _aAhmed Wa-il Farag
_ethesis advisor.
700 0 _aHassan EL-Gamal
_ethesis advisor.
900 _DDepartment of Orthopaedic Surgery
_FFaculty of Medicine
_UCairo University
_b1995
_cAhmed Wa-il Farag
_cHassan EL-Gamal
905 _aEman El gebaly
942 _2ddc
_cTH
_e21
_n0
999 _c179860